Statistics for Foods by Alternate Definition #1

Click here to take the quiz!

General Stats

  • This quiz has been taken 49,628 times
    (36,300 since last reset)
  • The average score is 12 of 20

Answer Stats

DefinitionWord% Correct
Color between red and yellowOrange
93%
A place where coins are madeMint
84%
Boat that can go underwaterSub
84%
Traffic congestionJam
76%
Unsolicited bulk e-mailSpam
76%
Person from New ZealandKiwi
75%
Brain-dead personVegetable
72%
Game similar to racquetballSquash
71%
Gambling tokenChip
70%
To salute with a raised beverageToast
68%
360 degree spin-out in a carDoughnut
58%
Foot callusCorn
47%
Crazy personNut
47%
Slang for steroidsJuice
42%
The top layer of best part of somethingCream
41%
FlattenPancake
40%
Predicament; a sticky situationPickle
40%
CowardlyChicken
35%
To hit the batter with a pitchBean
22%
Wasteful government spendingPork
20%

Score Distribution

Percentile by Number Answered

Percent of People with Each Score

Your Score History

You have not taken this quiz since the last reset